Co to za polityk? - Statystyki

Ogólne statystyki
  • Ten quiz został rozwiązany 203 razy
  • Średni wynik to 9 z 20
Statystyki odpowiedzi
Obrazkowy Odpowiedź % Poprawnych
Józef Wissarionowicz Stalin
98%
Adolf Hitler
91%
Włodzimierz Iljicz Lenin
90%
Un Dzong Kim
83%
Osama Bin Laden
75%
Benito Mussolini
66%
Fidel Castro
63%
Józef Piłsudski
62%
Nelson Mandela
62%
Ernesto Che Guevara
48%
Saddam Hussein
30%
Josip Broz Tito
18%
Idi Amin
16%
Robert Mugabe
12%
Muammar al-Gaddaffi
9%
Simón Bolívar
9%
Nicolae Caușescu
7%
Haille Sellassie
5%
Enver Hoxha
4%
Hosni Mubarak
3%
Nie znaleziono quizów pasujących do podanych kryteriów
Rozkład punktacji
Procent ludzi z każdym wynikiem
Percentyl według liczby udzielonych odpowiedzi
Twoja historia wyników
Nie rozwiązałeś tego quizu